| 000 | 00581nam a22001697a 4500 | ||
|---|---|---|---|
| 003 | SGT | ||
| 020 | _a9788192143385 | ||
| 082 | _a546.05,PUR | ||
| 100 | _aPURI B.R. | ||
| 245 | _aPRINCIPLE OF INORGANIC CHEMISTRY | ||
| 250 | _a32ND | ||
| 260 |
_aNEW DELHI _bMILESTONE _c2015-16 |
||
| 300 | _a1170 | ||
| 650 | _aINORGANIC CHEMISTRY | ||
| 653 | _aWAVE MECHANICAL CONCEPT OF ATOMIC STRUCTURE, PERIODIC TABLE AND ATOMIC PROPERTIES, MOLECULAR SYMMETRY AND GROUP THEORY, CHEMICAL BONDING, THE STRUCTURE OF SOLID, NON-AQUEOUS SOLVENTS, METALS AND METALLURGY | ||
| 942 |
_2ddc _cFPS _031 |
||
| 999 |
_c9468 _d9468 |
||